Memorias para la vida del excmo. señor D. Gaspar Melchor de Jove Llanos, y noticias analíticas de sus obras / (Record n. 10870)

Dettagli MARC
000 -LEADER
fixed length control field 01125nam a2200265 i 4500
003 - CONTROL NUMBER IDENTIFIER
control field IT-RoINE
005 - DATE AND TIME OF LATEST TRANSACTION
control field 20200724101015.0
008 - FIXED-LENGTH DATA ELEMENTS--GENERAL INFORMATION
fixed length control field 901002r18141989sp r |dspa d
020 ## - INTERNATIONAL STANDARD BOOK NUMBER
International Standard Book Number 8472862747
040 ## - CATALOGING SOURCE
Original cataloging agency SpMaBN
Transcribing agency SpMaBN IT-RoINE
Modifying agency IT-RoINE
100 1# - MAIN ENTRY--PERSONAL NAME
Personal name Ceán Bermúdez, Juan Agustín,
Dates associated with a name 1749-1829
9 (RLIN) 22495
245 10 - TITLE STATEMENT
Title Memorias para la vida del excmo. señor D. Gaspar Melchor de Jove Llanos, y noticias analíticas de sus obras /
Statement of responsibility, etc Juan Agustín Céan Bermúdez ; prólogo de Javier Barón Thaidigsmann.
260 ## - PUBLICATION, DISTRIBUTION, ETC. (IMPRINT)
Place of publication, distribution, etc Gijón :
Name of publisher, distributor, etc Silverio Cañada,
Date of publication, distribution, etc 1989.
300 ## - PHYSICAL DESCRIPTION
Extent XIV, 358 p. ;
Dimensions 20 cm.
336 ## - CONTENT TYPE
Source rdacontent
Content type term text
337 ## - MEDIA TYPE
Source rdamedia
Media type term unmediated
338 ## - CARRIER TYPE
Source rdacarrier
Carrier type term volume
490 #0 - SERIES STATEMENT
Series statement Biblioteca histórica asturiana ;
Volume number/sequential designation 6
500 ## - GENERAL NOTE
General note En la portada: VI Centenario, Principado de Asturias, 1388-1988
534 ## - ORIGINAL VERSION NOTE
Edition statement of original Reprod. de la ed.:
Publication, distribution, etc Madrid : En la imprenta que fue de Fuentenbro, 1814.
600 14 - SUBJECT ADDED ENTRY--PERSONAL NAME
Personal name Jovellanos, Gaspar Melchor de,
Dates associated with a name 1744-1811
General subdivision Biografía
-- Fuentes
9 (RLIN) 68604
700 1# - ADDED ENTRY--PERSONAL NAME
9 (RLIN) 22496
Personal name Barón, Javier
830 #0 - SERIES ADDED ENTRY--UNIFORM TITLE
Uniform title Biblioteca histórica asturiana ;
Volume number/sequential designation 6
9 (RLIN) 18476
942 ## - ADDED ENTRY ELEMENTS (KOHA)
Item type Monografías
Dati di copia
Withdrawn status Lost status Damaged status Not for loan Home library Current library Date acquired Total Checkouts Full call number Barcode Date last seen Price effective from Koha item type
        Iglesia Nacional Española en Roma Iglesia Nacional Española en Roma 28/01/2016   COL.A 30.6 18791 28/01/2016 28/01/2016 Monografías